| 000 | 00365nam a2200133Ia 4500 | ||
|---|---|---|---|
| 008 | 230917s9999||||xx |||||||||||||| ||und|| | ||
| 040 |
_e90733 _aMAIN |
||
| 041 | _aEnglish | ||
| 082 | _a615.842 M29R | ||
| 100 | _aMalhotra, Rajeev | ||
| 245 | 0 | _aRole of computed comography (ct) in patients of hemoptysis with normal skiagram chest | |
| 300 | _a90 p. | ||
| 942 | _cTH | ||
| 999 |
_c87384 _d87384 |
||